Carregant...

History and beyond

Dades bibliogràfiques
Autor principal: Thapar, Romila
Format: Printed Book
Publicat: Oxford university press, New Delhi 2004
Matèries:
LEADER 00399nam a2200157 4500
082
100 |a Thapar, Romila 
245 |a History and beyond  |c Thapar, Romila 
250
260 |a Oxford university press, New Delhi  |c 2004 
300
490
650 |a History of education 
942 |c BK 
999 |c 192577  |d 192577 
952 |0 0  |1 0  |4 0  |7 0  |9 205926  |a ISL  |b ISL  |l 0  |p ISL06353  |r 2019-10-28  |w 2019-10-28  |y BK